Oldest Pro Sports Teams - Statistics

General Stats
  • This quiz has been taken 71 times
  • The average score is 15 of 20
Answer Stats
% Correct
1948 Detroit Pistons/Los Angeles Lakers
95%
1882 Cincinnati Reds
93%
1946 Boston Celtics
88%
1920 Chicago Bears
88%
1876 Chicago Cubs
86%
1926 Chicago Blackhawks/New York Rangers
84%
1925 New York Giants
84%
1921 Green Bay Packers
81%
1920 Arizona Cardinals
79%
1882 St. Louis Cardinals
79%
1917 Toronto Maple Leafs
79%
1930 Detroit Lions
77%
1926 Detroit Red Wings
77%
1924 Boston Bruins
75%
1917 Montreal Canadiens
75%
1946 New York Knicks
75%
1946 Golden State Warriors
63%
1882 Pittsburgh Pirates
56%
1948 Sacramento Kings
54%
1876 Atlanta Braves
53%
No matching quizzes found
Score Distribution
Percent of People with Each Score
Percentile by Number Answered
Your Score History
You have not taken this quiz